Jelenben élő múlt. Gondolatok Imreh István falutörténeti kutatásairól
Elmentve itt :
| Szerző: | |
|---|---|
| Adatforrás: | Meister |
| Forrásdokumentuma: | Korunk. - 4 sz., 1999, 101-103 p. |
| Nyelv: | magyar |
| Kulcsszavak: | mentalitástörténet kisebbségtörténet székely szokásjog falutörvény székelyek székely falutörvény szokásjog székely társadalom IMREH István VENCZEL József DUBY Georges |
| LEADER | 00694nab a2200241 i 4500 | ||
|---|---|---|---|
| 001 | bibPRO00003611 | ||
| 008 | 060524s1999 xx hun | ||
| 040 | |a Sz1 | ||
| 041 | |a hun | ||
| 100 | 1 | |a EGYED Ákos | |
| 245 | 1 | 0 | |a Jelenben élő múlt. Gondolatok Imreh István falutörténeti kutatásairól |c EGYED Ákos |
| 695 | |a mentalitástörténet | ||
| 695 | |a kisebbségtörténet | ||
| 695 | |a székely szokásjog | ||
| 695 | |a falutörvény | ||
| 695 | |a székelyek | ||
| 695 | |a székely falutörvény | ||
| 695 | |a szokásjog | ||
| 695 | |a székely társadalom | ||
| 695 | |a IMREH István | ||
| 695 | |a VENCZEL József | ||
| 695 | |a DUBY Georges | ||
| 773 | 0 | |t Korunk. - |g 4 sz., 1999, 101-103 p. | |